El Parlament de Catalunya : història i documents història i documents
Descripción Física:
98 p. ; 21'5 cm
Colección:
Col·lecció Departament de la Presidència ; 6
Materias:
Catalunya. Parlament -- Història
MARC
| LEADER | 00000nam a2200000Ia 4500 | ||
|---|---|---|---|
| 001 | 555 | ||
| 008 | 160829s1980 xx 000 0 cat d | ||
| 080 | |a M-2-215 | ||
| 110 | 1 | |a Catalunya. |b Parlament |9 11492 | |
| 245 | |a El Parlament de Catalunya : |b història i documents | ||
| 260 | |a Barcelona : |b Servei Central de Publicacions de la Generalitat de Catalunya, |c 1980 | ||
| 300 | |a 98 p. ; |c 21'5 cm | ||
| 490 | |a Col·lecció Departament de la Presidència ; 6 | ||
| 650 | |a Catalunya. Parlament |x Història |9 36278 | ||
| 901 | |a Arxiu | ||
| 942 | |n 1 | ||
| 952 | |0 0 |1 0 |4 0 |6 M2215 |7 1 |9 41698 |a Arxiu |b Arxiu |d 2016-12-01 |l 0 |o M-2-215 |p 555 |r 2016-12-01 00:00:00 |w 2016-12-01 |y ARXIU | ||
| 999 | |c 43588 |d 43588 | ||